000 nam a22 7a 4500
999 _c10090
_d10090
008 180212b ||||| |||| 00| 0 eng d
100 _aLindgren, A
_96109
245 _aPippi Longstocking
260 _aGurgaon
_bA & A Publication
_c2012